UM Logo

Cordillera leaders buck commercial farming of weed/ (Record no. 13506)

MARC details
000 -LEADER
fixed length control field 00382nam a2200121 4500
008 - FIXED-LENGTH DATA ELEMENTS--GENERAL INFORMATION
fixed length control field 190327b ||||| |||| 00| 0 eng d
100 ## - MAIN ENTRY--PERSONAL NAME
9 (RLIN) 37755
Personal name Cabreza, Vincent
245 ## - TITLE STATEMENT
Title Cordillera leaders buck commercial farming of weed/
Statement of responsibility, etc. Vincent Cabreza
260 ## - PUBLICATION, DISTRIBUTION, ETC. (IMPRINT)
Place of publication, distribution, etc. Philippines
Name of publisher, distributor, etc. Philippine Daily Inquirer
Date of publication, distribution, etc. c2018
300 ## - PHYSICAL DESCRIPTION
Extent page A6.
650 #0 - SUBJECT ADDED ENTRY--TOPICAL TERM
9 (RLIN) 37756
Topical term or geographic name as entry element Agriculture.
942 ## - ADDED ENTRY ELEMENTS (KOHA)
Source of classification or shelving scheme Dewey Decimal Classification
Koha item type Periodicals
Holdings
Withdrawn status Lost status Source of classification or shelving scheme Damaged status Not for loan Collection code Home library Current library Date acquired Total Checkouts Date last seen Price effective from Koha item type Public note
    Dewey Decimal Classification     Periodicals UM Digos College - LIC UM Digos College - LIC 03/27/2019   03/27/2019 03/27/2019 Periodicals Newspaper Clippings